[Event "40th BAN National Women Chess-ch 2021"]
[Site "Dhaka"]
[Date "2022.01.02"]
[Round "5.4"]
[White "Jannatul, Ferdousi"]
[Black "Noshin, Anjum"]
[Result "0-1"]
[WhiteElo "1532"]
[BlackElo "2045"]
[Annotator "TA"]
[PlyCount "88"]
[EventDate "2021.12.29"]
[EventCountry "BAN"]
[SourceTitle "playchess.com"]
[Source "ChessBase"]
[SourceQuality "1"]

{[%evp 9,88,15,22,-10,-10,-23,-7,-17,-16,-16,-21,-35,-26,-40,-15,-40,0,-64,0,-7,-4,-16,-7,-18,-15,-18,0,-76,-77,-83,-39,-70,-73,-78,-69,-93,-66,-69,-68,-93,-53,-111,-93,-86,-93,-95,-90,-146,-146,-146,-146,-187,-146,-192,-146,-305,-195,-374,-383,-737,-381,-279,0,-1260,-1212,-964,-985,-859,-558,-5493,-1750,-12841,-12841,-12841,-12840,-12841,-12841,-12842,-12843,-12841,-11207]} 1. d4 d5 2. Bf4 c5 3. e3 e6 4. Nf3 Bd6 5. Bg3 Nf6 6. c3 {D02: 1 d4 d5 2 Nf3 sidelines, including 2...Nf6 3 g3 and 2...Nf6 3 Bf4.} Qc7 7. Ne5 O-O 8. Bd3 {The position is equal.} Nbd7 {[%cal Rd7e5]} 9. f4 Ne4 10. Nd2 f5 {[#]} 11. Qe2 $146 ({Predecessor:} 11. Bh4 cxd4 12. exd4 Nxe5 13. fxe5 Be7 14. Bxe7 Qxe7 15. O-O Bd7 16. a4 Qg5 17. Bxe4 fxe4 {1-0 (34) Shimanov,A (2631)-Boruchovsky,A (2542) Chess.com INT 2016}) 11... Ndf6 12. Bh4 Be7 13. Bxf6 (13. Nxe4 $11 fxe4 14. Bc2) 13... Bxf6 ({Better is} 13... gxf6 $15 14. Nef3 cxd4 15. Nxd4 e5) 14. O-O b6 15. Rf3 Bb7 16. Raf1 Bxe5 17. fxe5 Qe7 18. Bxe4 (18. g4 $11) 18... dxe4 $17 19. Rf4 a5 ({Black should try} 19... cxd4 $17 20. exd4 Rac8) 20. Re1 Ba6 21. Qh5 g6 22. Qh6 Qg7 (22... Bd3 {is more complex.} 23. h4 a4 24. a3 Qg7 25. Qxg7+ Kxg7 26. Rf2 Rab8) 23. Qxg7+ Kxg7 24. h4 h6 25. g3 (25. dxc5 $15 bxc5 26. Nb3) 25... Rac8 26. Rf2 a4 27. a3 g5 28. Nf1 ({White should play} 28. Rh2) 28... Kg6 29. Kg2 Kh5 {Black is more active.} 30. Kh3 (30. Nd2 $17) 30... Rf7 (30... Bd3 $19 31. Kg2 cxd4 32. cxd4 b5) 31. Nh2 (31. Nd2 $17 g4+ 32. Kh2) 31... Rcf8 (31... cxd4 $19 32. cxd4 g4+ 33. Kg2 Kg6) 32. Rd2 $2 (32. Nf1 $17) 32... Bd3 33. Rc1 $2 (33. Rf2 {is a better defense.}) 33... gxh4 $19 34. gxh4 $2 (34. Rg2 hxg3 35. Rh1) 34... Rg7 {[#] ( -> ...Rfg8)} 35. Rg2 Rfg8 $40 {[%mdl 128] Black attacks.} (35... Rxg2 $19 36. Kxg2 Rc8) 36. Rcg1 $2 {[%mdl 8192]} (36. Rxg7 $11 Rxg7 37. Nf1) 36... Rxg2 {Black is clearly winning.} 37. Rxg2 Rxg2 38. Kxg2 Kxh4 {[#] Hoping for ...Kg5.} 39. Nf1 cxd4 (39... Bxf1+ $142 40. Kxf1 cxd4 41. cxd4 Kg5) 40. cxd4 Bxf1+ 41. Kxf1 {KP-KP} Kg5 42. Kg2 f4 43. exf4+ Kxf4 44. Kf2 h5 {Weighted Error Value: White=0.85/Black=0.51} 0-1

[Event "40th BAN National Women Chess-ch 2021"]
[Site "Dhaka"]
[Date "2022.01.02"]
[Round "5.5"]
[White "Nusrat, Jahan Liza"]
[Black "Hamid, Rani"]
[Result "1-0"]
[WhiteElo "1478"]
[BlackElo "1864"]
[Annotator "NA RC"]
[PlyCount "85"]
[EventDate "2021.12.29"]
[EventCountry "BAN"]
[SourceTitle "playchess.com"]
[Source "ChessBase"]
[SourceQuality "1"]
[TimeControl "40/5400+30:1800+30"]

1. e4 {[%emt 0:00:04]} c5 {[%emt 0:00:06]} 2. Nf3 {[%emt 0:00:03]} e6 {[%emt 0:00:06]} 3. d4 {[%emt 0:00:05]} cxd4 {[%emt 0:00:06]} 4. Nxd4 {[%emt 0:00:04]} a6 {[%emt 0:00:05]} 5. Nc3 {[%emt 0:00:09]} Qc7 {[%emt 0:00:07]} 6. Bd3 {[%emt 0:00:45]} Nf6 {[%emt 0:00:08]} 7. a3 {[%emt 0:01:05]} Nc6 {[%emt 0:01:09]} 8. Nxc6 {[%emt 0:00:08]} bxc6 {[%emt 0:00:04]} 9. O-O {[%emt 0:00:48]} Be7 {[%emt 0:00:10]} 10. Kh1 {[%emt 0:00:57]} d5 {[%emt 0:00:50]} 11. Bg5 {[%emt 0:00:55]} d4 {[%emt 0:02:05]} 12. Ne2 {[%emt 0:00:34]} e5 {[%emt 0:00:54]} (12... c5 $142 13. b3 O-O) 13. f4 {[%emt 0:00:47]} Ng4 {[%emt 0:01:06]} 14. Qc1 {[%emt 0:02:31]} (14. Bxe7 $15 Ne3 15. Qe1 Qxe7 16. Qg3) 14... Bxg5 {[%emt 0:01:26]} 15. fxg5 {[%emt 0:00:03]} Be6 {[%emt 0:01:30]} 16. Ng3 {[%emt 0:00:42]} c5 {[%emt 0:01:48]} (16... h6 $17 17. Nh5 Kf8) 17. b3 {[%emt 1:29:20]} Ne3 {[%emt 0:01:46]} 18. Rf2 {[%emt 0:00:00]} g6 {[%emt 0:01:00]} 19. Nf1 {[%emt 0:00:00]} c4 {[%emt 0:02:59]} 20. bxc4 {[%emt 0:00:00]} Nxc4 {[%emt 1:23:05]} 21. Nd2 $15 {[%emt 0:00:00]} (21. c3 $1 $11 Rd8 22. Rc2) 21... Ne3 {[%emt 0:00:00]} 22. Nf1 {[%emt 0:00:00]} Ng4 {[%emt 0:00:00]} (22... Nxf1 $1 $15 23. Rxf1 O-O) 23. Rf3 {[%emt 0:00:00]} h6 {[%emt 0:00:00]} 24. h3 {[%emt 0:00:00]} hxg5 {[%emt 0:00:00]} 25. Qxg5 {[%emt 0:00:00]} Rh5 {[%emt 0:00:00]} 26. Qd2 {[%emt 0:00:00]} Qb6 {[%emt 0:00:00]} 27. Kg1 {[%emt 0:00:00]} Nh6 {[%emt 0:00:00]} 28. Ng3 {[%emt 0:00:00]} Ng8 {[%emt 0:00:00]} 29. Nxh5 {[%emt 0:00:00]} gxh5 {[%emt 0:00:00]} 30. Qg5 {[%emt 0:00:00]} f6 {[%emt 0:00:00]} 31. Qxh5+ {[%emt 0:00:00]} Bf7 {[%emt 0:00:00]} 32. Qh7 {[%emt 0:00:00]} Ra7 {[%emt 0:00:00]} 33. Qh8 {[%emt 0:00:00]} Ke7 {[%emt 0:00:00]} 34. Raf1 {[%emt 0:00:00]} Rc7 {[%emt 0:00:00]} 35. Qg7 {[%emt 0:00:00]} Ke8 {[%emt 0:00:00]} 36. Rxf6 {[%emt 0:00:00]} Nxf6 {[%emt 0:08:00]} 37. Rxf6 {[%emt 0:10:00]} Qa5 {[%emt 0:00:00]} 38. Rxa6 {[%emt 0:00:00]} Qe1+ {[%emt 0:00:00]} 39. Kh2 {[%emt 0:00:00]} Qf2 {[%emt 0:00:00]} 40. Qxe5+ {[%emt 0:00:00]} Kd8 {[%emt 0:00:00]} 41. Ra8+ {[%emt 0:00:00]} Kd7 {[%emt 0:00:00]} 42. Bb5+ {[%emt 0:00:00]} Rc6 {[%emt 0:00:00]} 43. Ra7+ {[%emt 0:00:00]} 1-0

[Event "40th BAN National Women Chess-ch 2021"]
[Site "Dhaka"]
[Date "2022.01.02"]
[Round "5.6"]
[White "Thakur Jania, Haque"]
[Black "Khan, Nazrana"]
[Result "1/2-1/2"]
[WhiteElo "1472"]
[BlackElo "1848"]
[Annotator "NA RC"]
[PlyCount "46"]
[EventDate "2021.12.29"]
[EventCountry "BAN"]
[SourceTitle "playchess.com"]
[Source "ChessBase"]
[SourceQuality "1"]
[TimeControl "40/5400+30:1800+30"]

1. c4 {[%emt 0:01:10]} Nf6 {[%emt 0:00:44]} 2. Nf3 {[%emt 0:00:10]} e6 {[%emt 0:00:15]} 3. d4 {[%emt 0:00:08]} d5 {[%emt 0:00:23]} 4. b3 {[%emt 0:00:08]} a6 {[%emt 0:04:31]} 5. Nc3 {[%emt 0:00:41]} Bb4 {[%emt 0:01:28]} 6. Bd2 {[%emt 0:00:46]} c5 {[%emt 0:03:24]} 7. e3 {[%emt 0:00:37]} cxd4 {[%emt 0:02:11]} 8. exd4 {[%emt 0:01:05]} Nc6 {[%emt 0:02:04]} 9. a3 {[%emt 0:02:29]} Be7 {[%emt 0:01:11]} 10. c5 {[%emt 0:02:09]} Ne4 {[%emt 0:04:00]} 11. Bd3 {[%emt 0:01:42]} f5 {[%emt 0:02:42]} 12. Ne2 {[%emt 0:05:15]} O-O {[%emt 0:01:43]} 13. Qc2 {[%emt 0:02:30]} Bf6 {[%emt 0:02:39]} 14. Bc3 {[%emt 0:01:26]} Bd7 {[%emt 0:05:22]} 15. b4 {[%emt 0:02:45]} Ne7 {[%emt 0:08:43]} 16. Ne5 {[%emt 0:01:57]} Qc7 {[%emt 0:04:17]} 17. f3 {[%emt 0:00:51]} Bxe5 {[%emt 0:05:35]} 18. dxe5 {[%emt 0:00:46]} Nxc3 {[%emt 0:00:45]} 19. Qxc3 {[%emt 0:00:19]} Bc6 {[%emt 0:05:36]} 20. Qd4 {[%emt 0:02:11]} Be8 {[%emt 0:04:34]} 21. f4 {[%emt 0:01:37]} Bh5 {[%emt 0:12:09]} 22. Ng3 {[%emt 0:02:50]} Bg6 {[%emt 0:01:07]} 23. O-O {[%emt 0:00:26]} Nc6 {[%emt 0:04:21]} 1/2-1/2

[Event "40th BAN National Women Chess-ch 2021"]
[Site "Dhaka"]
[Date "2022.01.03"]
[Round "6.1"]
[White "Nusrat Jahan, Alo"]
[Black "Sultana, Sharmin Shirin"]
[Result "1/2-1/2"]
[WhiteElo "1766"]
[BlackElo "1975"]
[Annotator "TA"]
[PlyCount "39"]
[EventDate "2021.12.29"]
[EventCountry "BAN"]
[SourceTitle "playchess.com"]
[Source "ChessBase"]
[SourceQuality "1"]

{[%evp 20,39,24,0,11,0,0,-20,12,12,35,27,27,35,53,57,52,0,45,0,47,0]} 1. e4 c5 2. Nf3 e6 3. d4 cxd4 4. Nxd4 a6 5. Nc3 Qc7 6. Bd3 Nf6 7. O-O Nc6 8. Nxc6 dxc6 9. f4 Bc5+ 10. Kh1 e5 11. f5 b5 {B43: Sicilian: Kan Variation: 5 Nc3.} 12. a3 Bb7 13. Bg5 {[#]} h5 $146 {The position is equal.} ({Predecessor:} 13... h6 14. Bd2 Be7 15. Qe2 Rd8 16. Be3 c5 17. Qf3 c4 18. Be2 Bc5 {0-1 (34) Piroska,I (2133)-Mihok,O (2535) Budapest 2017}) 14. Be2 h4 15. h3 Be7 16. Qe1 Ng8 17. Be3 Nf6 18. Bg5 Ng8 19. Be3 Nf6 20. Bg5 {Weighted Error Value: White=0.16 (very precise) /Black=0.08 (flawless)} (20. Bf3 $14 {might be stronger.}) 1/2-1/2

[Event "40th BAN National Women Chess-ch 2021"]
[Site "Dhaka"]
[Date "2022.01.03"]
[Round "6.2"]
[White "Jannatul, Ferdous"]
[Black "Talukder, Umme Taslima Protiva"]
[Result "1/2-1/2"]
[WhiteElo "1810"]
[BlackElo "1706"]
[Annotator "NA RC"]
[PlyCount "91"]
[EventDate "2021.12.29"]
[EventCountry "BAN"]
[SourceTitle "playchess.com"]
[Source "ChessBase"]
[SourceQuality "1"]
[TimeControl "40/5400+30:1800+30"]

{[%evp 8,84,39,15,22,28,34,15,21,10,18,-9,0,-41,-40,-44,-43,-37,-30,-32,0,-8,0,-7,11,0,105,122,127,130,137,129,136,149,308,105,209,137,141,122,129,135,146,116,112,119,245,234,241,259,248,207,210,222,284,32767,32767,239,242,264,223,236,245,251,239,243,250,244,235,230,251,220,225,226,218,244,329,260,281]} 1. e4 {[%emt 0:00:09]} c5 {[%emt 0:00:23]} 2. Nf3 {[%emt 0:00:18]} d6 {[%emt 0:00:52]} 3. d4 {[%emt 0:00:04]} cxd4 {[%emt 0:00:08]} 4. Nxd4 {[%emt 0:00:09]} Nf6 {[%emt 0:00:23]} 5. Nc3 {[%emt 0:00:04]} a6 {[%emt 0:00:07]} 6. Be3 {[%emt 0:00:27]} e6 {[%emt 1:31:37]} 7. Be2 {[%emt 0:01:04]} Be7 {[%emt 0:00:00]} 8. O-O {[%emt 0:00:47]} O-O {[%emt 0:00:00]} 9. Kh1 {[%emt 0:00:51]} b5 {[%emt 0:00:00]} 10. a3 {[%emt 0:00:37]} (10. Bf3 $11) 10... Bb7 {[%emt 0:00:00]} 11. Bd3 {[%emt 1:31:30]} Nbd7 {[%emt 0:00:00]} 12. f4 {[%emt 0:00:00]} Nc5 {[%emt 0:03:00]} 13. Qf3 $1 {[%emt 0:01:00]} Nxd3 {[%emt 0:00:00]} 14. cxd3 {[%emt 0:00:00]} Rc8 {[%emt 0:00:00]} 15. Rac1 {[%emt 0:00:00]} Qd7 {[%emt 0:00:00]} 16. g4 {[%emt 0:00:00]} d5 {[%emt 0:02:00]} (16... Qe8 $11 {remains equal.}) 17. e5 {[%emt 0:00:00]} Ne8 {[%emt 0:00:00]} 18. f5 {[%emt 0:00:00]} b4 {[%emt 0:00:00]} 19. axb4 {[%emt 0:00:00]} Bxb4 {[%emt 0:00:00]} 20. Qh3 {[%emt 0:00:00]} Be7 $2 {[%emt 0:00:00]} (20... Bc5 $16) 21. Kg1 {[%emt 0:00:00]} (21. Qh5 $18) 21... Kh8 {[%emt 0:00:00]} (21... Bc5 $16 {was worth a try.}) 22. g5 {[%emt 0:00:00]} (22. Rf3 $18 exf5 23. Rxf5 (23. gxf5 Qc7 $16)) 22... exf5 {[%emt 0:00:00]} 23. Qxf5 {[%emt 0:00:00]} ({Reject} 23. Rxf5 $6 g6 24. e6 fxe6 25. Rxf8+ Bxf8 $11) 23... Qxf5 {[%emt 0:00:00]} 24. Nxf5 {[%emt 0:00:00]} Bd8 {[%emt 0:00:00]} 25. Na4 {[%emt 0:00:00]} Rxc1 {[%emt 0:00:00]} 26. Rxc1 {[%emt 0:00:00]} Bc7 {[%emt 0:00:00]} (26... h6 $16) 27. Bc5 {[%emt 0:00:00]} Rg8 {[%emt 0:00:00]} 28. Ne7 {[%emt 0:00:00]} Bxe5 {[%emt 0:00:00]} 29. Nxg8 {[%emt 0:00:00]} Kxg8 {[%emt 0:00:00]} 30. Re1 {[%emt 0:00:00]} f6 {[%emt 0:07:00]} 31. d4 {[%emt 0:00:00]} Bc6 {[%emt 0:00:00]} 32. dxe5 {[%emt 0:03:23]} Bxa4 {[%emt 0:00:00]} 33. gxf6 {[%emt 0:01:45]} gxf6 {[%emt 0:00:00]} 34. e6 {[%emt 0:01:16]} Kg7 {[%emt 0:00:00]} 35. Kf2 {[%emt 0:01:05]} Kg6 {[%emt 0:00:00]} 36. Ke3 {[%emt 0:00:55]} Kf5 {[%emt 0:00:00]} 37. Kd4 {[%emt 0:00:38]} Nc7 {[%emt 0:00:00]} 38. e7 {[%emt 0:00:43]} Bc6 {[%emt 0:00:00]} 39. Bb4 {[%emt 0:01:17]} Ne6+ {[%emt 0:00:00]} 40. Kd3 {[%emt 0:00:00]} Bb5+ {[%emt 0:00:00]} 41. Kd2 {[%emt 0:09:16]} Be8 $18 {[%emt 0:00:00]} (41... d4 $142 42. h4 Ng7) 42. Rc1 {[%emt 0:03:05]} Kg6 {[%emt 0:00:00]} 43. Rc3 {[%emt 0:03:50]} Kf7 {[%emt 0:00:00]} 44. Rh3 {[%emt 0:01:08]} Ng5 {[%emt 0:00:00]} 45. Rd3 {[%emt 0:01:02]} Bc6 {[%emt 0:00:00]} 46. Kc3 {[%emt 0:01:31]} 1/2-1/2

[Event "40th BAN National Women Chess-ch 2021"]
[Site "Dhaka"]
[Date "2022.01.03"]
[Round "6.3"]
[White "Ahmed, Walijah"]
[Black "Wadifa, Ahmed"]
[Result "1/2-1/2"]
[WhiteElo "1919"]
[BlackElo "1807"]
[Annotator "TA"]
[PlyCount "31"]
[EventDate "2021.12.29"]
[EventCountry "BAN"]
[SourceTitle "playchess.com"]
[Source "ChessBase"]
[SourceQuality "1"]

{[%evp 14,16,0,-11,55]} 1. e4 c5 2. Nf3 e6 3. d3 Nc6 4. g3 g6 5. Bg2 Bg7 6. O-O Nge7 7. Re1 d6 8. Nbd2 Nd4 {[#] Not much happened in this game. A04: Unusual lines after 1 Nf3 and King's Indian Attack.} ({Better is} 8... h6 $11) {Predecessor:} 9. c3 $146 Nxf3+ 10. Nxf3 O-O 11. Be3 b6 12. Qd2 Bb7 13. Rad1 Qc7 14. Bh6 Rfd8 15. Bxg7 Kxg7 16. Rc1 {0-1 (91) Nipun,D (1118)-Tikam,A (1446) Mumbai 2020} 1/2-1/2

[Event "40th BAN National Women Chess-ch 2021"]
[Site "Dhaka"]
[Date "2022.01.03"]
[Round "6.4"]
[White "Noshin, Anjum"]
[Black "Syeda Fahmida, Malek"]
[Result "1-0"]
[WhiteElo "2045"]
[BlackElo "1569"]
[Annotator "TA"]
[PlyCount "125"]
[EventDate "2021.12.29"]
[EventCountry "BAN"]
[SourceTitle "playchess.com"]
[Source "ChessBase"]
[SourceQuality "1"]

{[%evp 19,124,49,69,34,29,12,25,17,39,18,87,87,92,74,175,183,217,93,365,366,362,362,361,366,356,329,316,280,315,296,331,314,289,226,246,241,235,218,237,239,264,257,270,257,273,272,250,160,243,0,259,271,275,250,250,225,219,152,194,195,186,181,326,317,398,398,699,699,965,965,965,962,943,934,904,879,29981,29982,29982,29983,29983,29984,29984,29985,29985,29986,29987,29988,29988,29988,29988,29989,29989,29990,29990,29991,29991,29992,29992,29993,29993,29994,29995,29995,29998,29999,29999]} 1. e4 d6 2. d4 Nd7 3. Nf3 e5 4. dxe5 Nxe5 5. Nxe5 dxe5 6. Qxd8+ Kxd8 7. Bc4 f6 8. Be3 Ne7 9. Nc3 c6 10. O-O-O+ Kc7 {[#]} 11. a3 $146 {White is much more active. Black has bad knights. C41: Philidor Defence.} (11. f4 $5 {[%cal Rf4e5]}) ({Predecessor:} 11. Rd2 Ng6 12. Ne2 b5 13. Bb3 Be7 14. f3 Nh4 15. Rg1 g5 16. Ng3 a5 17. c3 a4 18. Bd1 Be6 {½-½ (69) Milin,D (2060)-Spiric,I (2255) Belgrade 2021}) 11... b5 12. Bb3 a5 13. a4 {White has an edge.} b4 14. Nb1 f5 {[#]} (14... Ng6 $11) 15. f3 $1 $16 fxe4 16. fxe4 {Black must now prevent Rhf1.} Bg4 (16... Ng8 $16 {is a better defense.}) 17. Rdf1 $18 Bh5 18. Bc5 (18. Nd2 $18 {has better winning chances.}) 18... Rd8 $2 {[%mdl 8192] [#]} (18... Ng6 $16 19. Rf7+ Kb8 20. Bxf8 Rxf8) 19. Rxf8 $1 {[%mdl 512]} Rdxf8 20. Bxe7 {[%cal Bc5e7,Be7h4,Bh4g3,Bg3e5][%mdl 32] This bishop pair is nice.} Rf2 21. Rg1 Re8 22. Bh4 Rf4 23. Bg3 Rxe4 24. Nd2 Rd4 25. Re1 Kb7 26. Bxe5 ({Don't play} 26. Rxe5 $6 Rxe5 27. Bxe5 Rd7 $18) 26... Rd7 27. Nc4 Ka6 28. Rg1 Red8 {( -> ...Rd1+)} 29. Kb1 Rd1+ 30. Rxd1 Rxd1+ 31. Ka2 g5 32. Bf6 g4 33. Ne5 {Threatens to win with c3.} Kb7 (33... Rd2 $16 34. Nxc6 Be8) 34. Nc4 Ka6 35. Ne3 Rd2 36. Bg5 Bg6 37. Bf4 h5 38. h3 gxh3 (38... Rf2 $16 39. Bg5 Rxg2 40. hxg4 (40. Nxg2 gxh3 41. Bf4 hxg2 $18) 40... Rg3) 39. gxh3 Be4 40. h4 Bf3 (40... Bg6 {was necessary.} 41. Bg5 Rf2 42. Bc4+ Kb7) 41. Bc4+ Kb6 42. Bd3 {Inhibits Be4. Strongly threatening Nc4+.} Rf2 $2 (42... Ka7 43. b3 Be4) 43. Bg3 Rg2 44. Nxg2 Bxg2 45. Kb3 Bd5+ 46. Bc4 Bf3 47. Bf4 Bd5 48. Bxd5 {White mates.} cxd5 49. c3 bxc3 50. Kxc3 {KB-K3P} Kc5 51. Be3+ Kd6 52. Kd4 Ke6 53. Bd2 Kf5 54. Kxd5 Kg4 55. Bxa5 Kxh4 {KB-KP} 56. Bc7 Kh3 57. a5 h4 58. a6 Kg2 59. a7 h3 60. a8=Q Kg1 61. Qg8+ Kh1 62. Qg3 {[%csl Gc7][%cal Rg3h2]} h2 63. Qxh2# {Weighted Error Value: White=0.23 (precise) /Black=0.55} 1-0

[Event "40th BAN National Women Chess-ch 2021"]
[Site "Dhaka"]
[Date "2022.01.03"]
[Round "6.5"]
[White "Nusrat, Jahan Liza"]
[Black "Israt, Jahan Diba"]
[Result "0-1"]
[WhiteElo "1478"]
[BlackElo "1630"]
[Annotator "NA RC"]
[PlyCount "56"]
[EventDate "2021.12.29"]
[EventCountry "BAN"]
[SourceTitle "playchess.com"]
[Source "ChessBase"]
[SourceQuality "1"]
[TimeControl "40/5400+30:1800+30"]

1. e4 {[%emt 0:00:28]} c5 {[%emt 0:00:03]} 2. Nf3 {[%emt 0:00:06]} d6 {[%emt 0:00:06]} 3. d4 {[%emt 0:00:05]} cxd4 {[%emt 0:00:05]} 4. Nxd4 {[%emt 0:00:03]} Nf6 {[%emt 0:00:06]} 5. Nc3 {[%emt 0:00:04]} g6 {[%emt 0:00:06]} 6. Be3 {[%emt 0:00:25]} Bg7 {[%emt 0:00:10]} 7. Be2 {[%emt 0:01:05]} O-O {[%emt 0:00:09]} 8. Qd2 {[%emt 0:01:03]} Nc6 {[%emt 0:01:52]} 9. h3 {[%emt 0:00:19]} d5 {[%emt 0:02:18]} 10. exd5 {[%emt 0:00:34]} Nxd5 {[%emt 0:01:40]} 11. Nxc6 {[%emt 0:00:29]} bxc6 {[%emt 0:00:09]} 12. Rb1 {[%emt 0:00:16]} Rb8 {[%emt 0:01:30]} 13. Nxd5 {[%emt 0:00:22]} cxd5 {[%emt 0:00:30]} 14. b3 {[%emt 0:00:43]} Bf5 {[%emt 0:03:21]} 15. O-O {[%emt 0:00:24]} Rc8 {[%emt 0:03:20]} 16. Bd3 {[%emt 0:01:11]} Qd7 {[%emt 0:01:11]} 17. Bh6 {[%emt 0:11:27]} Bxh6 {[%emt 0:02:25]} 18. Qxh6 {[%emt 0:00:04]} Bxd3 {[%emt 0:00:55]} 19. cxd3 {[%emt 0:00:02]} Rc2 {[%emt 0:00:48]} 20. Ra1 {[%emt 0:01:24]} Rfc8 {[%emt 0:01:47]} 21. Qe3 {[%emt 0:06:01]} Qc7 {[%emt 0:09:19]} 22. Rfe1 {[%emt 0:06:10]} e6 {[%emt 0:01:50]} 23. h4 {[%emt 0:08:36]} Qc5 {[%emt 0:04:35]} 24. Qxc5 {[%emt 0:03:49]} Rc6 {[%emt 1:04:15]} 25. Qxc2 Rxc2 {[%emt 0:00:00]} 26. Kf1 {[%emt 0:00:57]} Rc3 {[%emt 0:00:00]} 27. Reb1 {[%emt 0:10:15]} Rxd3 {[%emt 0:01:30]} 28. Rd1 {[%emt 0:00:02]} Rd2 {[%emt 0:00:00]} 0-1

[Event "40th BAN National Women Chess-ch 2021"]
[Site "Dhaka"]
[Date "2022.01.03"]
[Round "6.6"]
[White "Tasnia Tarannum, Orpa"]
[Black "Musfica Zannat, Sawri"]
[Result "1-0"]
[WhiteElo "1618"]
[BlackElo "1361"]
[Annotator "NA RC"]
[PlyCount "87"]
[EventDate "2021.12.29"]
[EventCountry "BAN"]
[SourceTitle "playchess.com"]
[Source "ChessBase"]
[SourceQuality "1"]
[TimeControl "40/5400+30:1800+30"]

1. e4 {[%emt 0:00:03]} c5 {[%emt 0:00:04]} 2. Nf3 {[%emt 0:00:05]} Nc6 {[%emt 0:00:07]} 3. d4 {[%emt 0:00:04]} cxd4 {[%emt 0:00:04]} 4. Nxd4 {[%emt 0:00:04]} e5 {[%emt 0:00:46]} 5. Nb5 {[%emt 0:00:30]} d6 {[%emt 0:00:29]} 6. N1c3 {[%emt 0:00:30]} a6 {[%emt 0:00:42]} 7. Na3 {[%emt 0:00:11]} Nf6 {[%emt 0:01:02]} 8. Bg5 {[%emt 0:00:06]} Be7 {[%emt 0:02:28]} 9. Bxf6 {[%emt 0:00:35]} Bxf6 {[%emt 0:01:04]} 10. Nd5 {[%emt 0:00:02]} b5 {[%emt 0:13:32]} 11. c3 {[%emt 0:01:08]} O-O {[%emt 0:02:35]} 12. Nc2 {[%emt 0:00:08]} Bg5 {[%emt 0:08:18]} 13. h4 {[%emt 0:02:49]} Bh6 {[%emt 0:03:24]} 14. g4 {[%emt 0:02:06]} f6 {[%emt 0:08:08]} 15. Nce3 {[%emt 0:09:55]} Bxe3 {[%emt 0:05:31]} 16. Nxe3 {[%emt 0:00:58]} Ne7 {[%emt 0:05:10]} 17. Nf5 {[%emt 0:10:38]} Bxf5 {[%emt 0:02:06]} 18. gxf5 {[%emt 0:02:28]} d5 {[%emt 0:05:07]} 19. Qb3 {[%emt 0:01:07]} Kh8 {[%emt 0:01:41]} 20. O-O-O {[%emt 0:00:09]} d4 {[%emt 0:01:35]} 21. Kb1 {[%emt 0:03:10]} Nc6 {[%emt 0:04:17]} 22. f4 {[%emt 0:01:34]} Qd6 {[%emt 0:03:55]} 23. Qc2 {[%emt 0:09:41]} Rfc8 {[%emt 0:06:36]} 24. Qf2 {[%emt 0:07:44]} b4 {[%emt 0:04:43]} 25. cxd4 {[%emt 0:08:28]} Nxd4 {[%emt 0:00:50]} 26. fxe5 {[%emt 0:00:51]} fxe5 {[%emt 0:00:12]} 27. Bd3 {[%emt 0:03:32]} b3 {[%emt 0:03:34]} 28. a3 {[%emt 0:04:40]} Qc6 {[%emt 0:02:02]} 29. Rc1 {[%emt 0:01:42]} Qd6 {[%emt 0:01:26]} 30. Bc4 {[%emt 0:01:23]} Rc7 {[%emt 0:04:22]} 31. Bd5 {[%emt 0:02:57]} Rac8 {[%emt 0:00:24]} 32. Rxc7 {[%emt 0:06:43]} Qxc7 {[%emt 0:00:35]} 33. Qf1 {[%emt 0:02:44]} Qc2+ {[%emt 0:01:26]} 34. Ka1 {[%emt 0:00:12]} Nb5 {[%emt 0:01:50]} 35. f6 {[%emt 0:02:41]} g6 {[%emt 0:01:13]} 36. f7 {[%emt 0:00:22]} Kg7 {[%emt 0:00:38]} 37. h5 {[%emt 0:03:58]} Nc3 {[%emt 0:04:32]} 38. hxg6 {[%emt 0:01:19]} hxg6 {[%emt 0:03:02]} 39. Qh3 {[%emt 0:01:43]} Nd1 {[%emt 0:00:30]} 40. Qh6+ {[%emt 0:00:00]} Kf6 {[%emt 0:00:00]} 41. f8=Q+ {[%emt 0:01:48]} Rxf8 {[%emt 0:00:00]} 42. Qxf8+ {[%emt 0:00:08]} Kg5 {[%emt 0:00:00]} 43. Rg1+ {[%emt 0:00:06]} Kh5 {[%emt 0:00:00]} 44. Qh8# {[%emt 0:00:07]} 1-0